Moderné logistické koncepcie v skladovaní

Funkcie a druhy skladov. Moderné logistické koncepcie v skladovaní. Trendy v skladovom hospodárstve. Warehouse Management System (WMS). Technológia rádiofrekvenčnej identifikácie (RFID). Moderné logistické koncepcie v skladovaní – príklady z praxe.

Uložené v:
Podrobná bibliografia
Hlavný autor: Richnák, Patrik, 1988-
Ďalší autori: Porubanová, Klaudia
Médium: Kapitola
Jazyk:Slovak
Predmet:
Tagy: Pridať tag
Žiadne tagy, Buďte prvý, kto otaguje tento záznam!

MARC

LEADER 00000naa$a2200000$$$4500
001 0261594
005 20240502074150.0
041 0 |a slo 
044 |a SK 
245 1 0 |a Moderné logistické koncepcie v skladovaní  |c Patrik Richnák, Klaudia Porubanová 
520 |a Funkcie a druhy skladov. Moderné logistické koncepcie v skladovaní. Trendy v skladovom hospodárstve. Warehouse Management System (WMS). Technológia rádiofrekvenčnej identifikácie (RFID). Moderné logistické koncepcie v skladovaní – príklady z praxe. 
610 2 0 |a sklady 
610 2 0 |a skladovanie 
610 2 0 |a hospodárstvo skladové 
610 2 0 |a systémy informačné logistické 
610 2 0 |a identifikácia vysokofrekvenčná 
100 1 |a Richnák, Patrik, 1988- 
700 1 |a Porubanová, Klaudia